000 00449nam a22001697a 4500
003 OSt
008 260427b |||||||| |||| 00| 0 eng d
082 _a634.642
_bS92G
100 _aChandra, Subhash
245 _aGenetic Variability in Tomato (lycopersicum Solanum Mill.)
260 _aPusa, Samastipur
_bRAU
_c1991
300 _a69P.
502 _bMsc.
_d1991
650 _aVegetable and Floriculture
650 _aHorticulture
942 _2ddc
_cT
999 _c50208
_d50208